|
|
|
|
| LEADER |
01185nam a2200265 a 4500 |
| 001 |
710733 |
| 008 |
090817s1997 enk b 001 0 eng d |
| 010 |
|
|
|a 97042158
|
| 020 |
|
|
|a 0521574188
|
| 020 |
|
|
|z 0521574196 (pbk.)
|
| 040 |
|
|
|a DLC
|c DLC
|d DLC
|
| 082 |
0 |
0 |
|a 418/.007
|2 21
|
| 245 |
0 |
0 |
|a Materials development in language teaching /
|c edited by Brian Tomlinson.
|
| 260 |
|
|
|a Cambridge ;
|a New York :
|b Cambridge University Press,
|c 1997.
|
| 300 |
|
|
|a 368 p. ;
|c 23cm.
|
| 490 |
|
0 |
|a Cambridge language teaching library
|
| 504 |
|
|
|a Includes bibliographical references and index.
|
| 541 |
1 |
|
|e 00015608
|
| 650 |
|
0 |
|a Language and languages
|x Study and teaching.
|
| 650 |
|
0 |
|a Teaching
|x Aids and devices.
|
| 700 |
1 |
|
|a Tomlinson, Brian.
|
| 852 |
4 |
|
|a Ayesha Abed Library
|j General Shelf.
|
| 999 |
|
|
|c 3424
|d 3424
|
| 952 |
|
|
|0 0
|1 4
|2 ddc
|4 0
|6 418_007000000000000_TOM
|7 0
|8 NFIC
|9 3110
|a BRACUL
|b BRACUL
|c GEN
|d 2009-09-01
|l 10
|m 26
|o 418.007 TOM
|p 3010015608
|r 2015-05-06
|s 2015-02-06
|t 1
|w 2009-09-01
|y BK
|x Koha Inventory 2020
|
| 952 |
|
|
|0 0
|1 0
|2 ddc
|4 0
|6 418_007000000000000_TOM_2005
|7 0
|8 NFIC
|9 9919
|a BRACUL
|b BRACUL
|c GEN
|d 2010-05-09
|l 15
|m 141
|o 418.007 TOM
|p 3010015679
|r 2026-01-20
|s 2025-10-21
|t 2
|w 2010-05-09
|y BK
|